Influence of immature phase manuring, girth at opening and exploitation systems on early Hevea yields (Record no. 61245)

MARC details
000 -LEADER
fixed length control field 00548nam a2200181Ia 4500
100 ## - MAIN ENTRY--AUTHOR NAME
Personal name Sivanadyan K
245 #0 - TITLE STATEMENT
Title Influence of immature phase manuring, girth at opening and exploitation systems on early Hevea yields
260 ## - PUBLICATION, DISTRIBUTION, ETC. (IMPRINT)
Name of publisher Proceedings of the RRIM Rubber Growers Conference, Johore, 1987; p167-193
650 ## - SUBJECT ADDED ENTRY--TOPICAL TERM
Topical Term Girth
650 ## - SUBJECT ADDED ENTRY--TOPICAL TERM
Topical Term Hevea
650 ## - SUBJECT ADDED ENTRY--TOPICAL TERM
Topical Term Immature phase
650 ## - SUBJECT ADDED ENTRY--TOPICAL TERM
Topical Term Yields
700 ## - ADDED ENTRY--PERSONAL NAME
Personal name Haridas G
700 ## - ADDED ENTRY--PERSONAL NAME
Personal name Pushparajah E
700 ## - ADDED ENTRY--PERSONAL NAME
Personal name Sivakumaran S
942 ## - ADDED ENTRY ELEMENTS (KOHA)
Koha item type Journals
Holdings
Withdrawn status Lost status Damaged status Not for loan Home library Current library Shelving location Date acquired Koha item type
      Journals RRII Library RRII Library Botany 17/12/2021 Journals